De Hartmont a Trujillo : (Registro nro. 13997)

Detalles MARC
000 -LEADER
fixed length control field 01923nam a2200373 a 4500
001 - CONTROL NUMBER
control field
003 - CONTROL NUMBER IDENTIFIER
control field DO-SdBNP
005 - DATE AND TIME OF LATEST TRANSACTION
control field 20220202094848.0
008 - FIXED-LENGTH DATA ELEMENTS--GENERAL INFORMATION
fixed length control field 100601s2009 dr 001 0 spa d
020 ## - INTERNATIONAL STANDARD BOOK NUMBER
International Standard Book Number 9789945457087
040 ## - CATALOGING SOURCE
Original cataloging agency DO-SdBNP
Language of cataloging spa
Transcribing agency BPMSU
082 ## - DEWEY DECIMAL CLASSIFICATION NUMBER
Classification number 336.3435
Item number H565d, 2009
Edition number 22
100 1# - MAIN ENTRY--PERSONAL NAME
Personal name Herrera, César A.,
Dates associated with a name 1910-1988
245 10 - TITLE STATEMENT
Title De Hartmont a Trujillo :
Remainder of title estudio para la historia de la deuda pública /
Statement of responsibility, etc. César A. Herrera ; presentación Daniel Toribio ; prólogo Bernardo Vega.
260 ## - PUBLICATION, DISTRIBUTION, ETC. (IMPRINT)
Place of publication, distribution, etc. Santo Domingo :
Name of publisher, distributor, etc. Banreservas;
-- Sociedad Dominicana de Bibliófilos,
Date of publication, distribution, etc. 2009.
300 ## - PHYSICAL DESCRIPTION
Extent 410 p. ;
Dimensions 23 cm.
490 0# - SERIES STATEMENT
Series statement Bibliófilos-Banreservas
Volume/sequential designation 6
500 ## - GENERAL NOTE
General note Incluye índice onomástico.
500 ## - GENERAL NOTE
General note Incluye referencias bibliográficas y notas al pie de las páginas.
500 ## - GENERAL NOTE
General note Incluye datos biográficos del autor en las solapas
504 ## - BIBLIOGRAPHY, ETC. NOTE
Bibliography, etc Bibliografía : p. 25-26
505 0# - FORMATTED CONTENTS NOTE
Formatted contents note Presentación -- Exordio -- Prólogo -- Bibliografía -- De la independencia a los "Seis años" -- El forcejeo incesante -- Ulises Heureaux o el descalabro -- El apogeo del desastre -- Se remachan las cadenas -- En las garras de Rossevelt -- Gobierno del general Ramón Cáceres -- De lleno en el caos -- Intervención militar norteamericana -- La tercera república -- Era de Trujillo -- La solemne reivindicación -- Empréstito Erlanger & Co.
590 ## - LOCAL NOTE (RLIN)
Local note Inventariado, 2022/VM
650 #4 - SUBJECT ADDED ENTRY--TOPICAL TERM
Topical term or geographic name as entry element Deuda externa
General subdivision Historia
Geographic subdivision República Dominicana
650 #4 - SUBJECT ADDED ENTRY--TOPICAL TERM
Topical term or geographic name as entry element República dominicana
General subdivision Historia
Chronological subdivision 1865-1916
651 #4 - SUBJECT ADDED ENTRY--GEOGRAPHIC NAME
Geographic name República Dominicana
General subdivision Condiciones económicas
651 #4 - SUBJECT ADDED ENTRY--GEOGRAPHIC NAME
Geographic name República Dominicana
General subdivision Política y gobierno
651 #4 - SUBJECT ADDED ENTRY--GEOGRAPHIC NAME
Geographic name República Dominicana
General subdivision Historia
Chronological subdivision Era de Trujillo 1930-1961
700 1# - ADDED ENTRY--PERSONAL NAME
Personal name Toribio, Daniel,
Relator term presetación
700 1# - ADDED ENTRY--PERSONAL NAME
Personal name Vega, Bernardo,
Dates associated with a name 1938 -
Relator term prólogo
710 2# - ADDED ENTRY--CORPORATE NAME
Corporate name or jurisdiction name as entry element Sociedad Dominicana de Bibliófilos
910 ## - USER-OPTION DATA (OCLC)
User-option data VMateo V.
942 ## - ADDED ENTRY ELEMENTS (KOHA)
Source of classification or shelving scheme Dewey Decimal Classification
Koha item type Libros
Existencias
Withdrawn status Lost status Source of classification or shelving scheme Damaged status Not for loan Collection code Home library Current library Date acquired Total Checkouts Full call number Barcode Date last seen Price effective from Koha item type
    Dewey Decimal Classification     Colección Dominicana Biblioteca Pública Metropolitana Salomé Ureña Biblioteca Pública Metropolitana Salomé Ureña 02/02/2022   BPMSU CD 336.3435 H565d, 2009 BPM22020004 02/02/2022 02/02/2022 Libros